| 000 | 01070cam a2200325 i 4500 | ||
|---|---|---|---|
| 999 |
_c200448876 _d67088 |
||
| 001 | 200448876 | ||
| 003 | TR-AnTOB | ||
| 005 | 20240824073711.0 | ||
| 007 | ta | ||
| 008 | 990613s1973 fr d 00000 ref | ||
| 035 | _a(TR-AnTOB)200448876 | ||
| 040 |
_aTR-AnTOB _beng _erda _cTR-AnTOB |
||
| 041 | 0 | _afre | |
| 050 | 4 |
_aHJ4639 _b.O74 1973 |
|
| 090 |
_aHJ4639 _b.O74 1973 |
||
| 110 | 2 |
_aOrganisation for Economic Co-operation and Development _933753 |
|
| 245 | 1 | 4 | _aLes systèmes d'imposition des sociétés dans les pays membres de l'OCDE. |
| 246 | 3 | 3 | _aImposition des sociétés dans les pays membres de l'OCDE |
| 264 | 1 |
_a[Paris] : _bOrganisation de coopération et de développement économiques, _c[1973] |
|
| 300 |
_a153 pages : _btables, diagrams ; _c24 cm |
||
| 336 |
_atext _btxt _2rdacontent |
||
| 337 |
_aunmediated _bn _2rdamedia |
||
| 338 |
_avolume _bnc _2rdacarrier |
||
| 504 | _aBIB | ||
| 650 | 0 |
_aCorporations _xFinance _9515 |
|
| 740 | 0 | 2 | _aÖrtülü sermaye. |
| 942 |
_2lcc _cBK |
||